000 00597nam a2200193Ia 4500
003 GCL
005 20240530110921.0
008 140319s9999 xx 000 0 ara d
017 _a95/4484
040 _aGCL /
_cGCL
082 0 4 _a340.52\
_bع ت
100 0 _aعادل بسيونى
245 1 0 _aتاريخ القانون المصرى :
_bمصر الاسلامية /
_cعادل بسيونى
260 _aالقاهرة :
_bمكتبة نهضة الشرق،
300 _a111 ص ؛
_c24 سم
650 0 4 _aالقانون - مصر
650 0 4 _aالقانون - مصادر
942 _2ddc
_cBK
999 _c66489
_d66489